00433 a2200169 4500001000700000003000400007005001700011008004100028082001700069100001600086245007600102250001200178260002800190300001000218653001800228700001700246067601OSt20211216171207.0  a512.81bH22I1 aHardy, G.H.1 aAn introduction to the theory of numberscby G.H. Hardy and E.M. Wright a6th ed. aNew DelhibOxfordc2008 a621p. aNumber theory aWright, E.M.